Artistas australianos más escuchados en Spotify - Estadísticas

Estadísticas generales
  • Esta prueba ha sido intentada 15 veces
  • La puntuación promedio es 2 de 10
Estadísticas de respuestas
Oyentes mensuales (millones) Artista % Correcto
36,8M AC/DC
60%
12,9M Kylie Minogue
53%
57,3M Sia
47%
25M Troye Sivan
33%
12,2M Crowded House
0%
17,4M Gotye
0%
9,4M INXS
0%
10,9M Natalie Imbruglia
0%
91,M Olivia Newton-John
0%
47M The Kid Laroi
0%
No se encontraron pruebas coincidentes
Distribución de puntuación
Porcentaje de gente con cada puntuación
Porcentaje por número respondido
Historial de tus puntuaciones
No has intentado esta prueba.